000
00247nam a2200109Ia 4500
008
190216s9999||||xx |||||||||||||| ||und||
100
_a
Null
245
0
_a
Secret World Of Animals
260
_b
National Geography
650
_a
Zoology
942
_c
BK
999
_c
37437
_d
37437